Organización escolar

Guardat en:
Dades bibliogràfiques
Autor principal: Hernández Ruiz, Santiago (Autor)
Format: Llibre
Idioma:espanyol
Publicat: Ciudad de México UTEHA 1954
Col·lecció:Biblioteca UTEHA. Clásicos y Modernos de Educación
Matèries:
Etiquetes: Afegir etiqueta
Sense etiquetes, Sigues el primer a etiquetar aquest registre!

MARC

LEADER 00000nam a2200000 a 4500
001 UCZ6504
003 CL-VaPUC
008 951211e19540000MX |||||||||||||||||spa|d
082 0 4 |a 371.2  |b HER  |2 21 
100 |a Hernández Ruiz, Santiago  |e author  |9 576883 
245 1 0 |a Organización escolar 
300 |a v 
942 |c BK 
945 |d 19951211 00:00:00  |a cmena 
260 |a Ciudad de México  |b UTEHA  |c 1954 
650 0 |a Gestión educacional   |9 261035 
650 0 |a Administración de la enseñanza   |9 261034 
650 0 |a Planificación de la educación   |9 307333 
650 7 |a DESARROLLO DE LOS CURRICULOS  |2 CL-VaPUC  |9 338829 
583 |a last modification  |c 19951211 00:00:00  |k Rodrigo Vera 
490 0 |a Biblioteca UTEHA. Clásicos y Modernos de Educación 
999 |c 242703  |d 242701 
952 |0 0  |1 0  |4 0  |6 371_200000000000000_HER_1954  |7 0  |8 P  |9 255824  |a BIBEDU  |b BIBEDU  |c BIBEDU_PB  |d 2019-11-19  |h v.1  |i 1603949  |o 371.2 HER 1954  |p 1603949  |r 2024-01-25  |w 2019-11-19  |y BK  |k EDU